| 000 | 00595nam a22001817a 4500 | ||
|---|---|---|---|
| 005 | 20241010140417.0 | ||
| 010 | _aENG-142028 | ||
| 020 |
_a9788122316803 _c350.00 |
||
| 035 | _aEN-125560 | ||
| 037 | _bDBAD | ||
| 082 |
_a220.65 _21 |
||
| 100 |
_aSharma, Vinay Mohan _972571 |
||
| 245 |
_aMansmriti: _bManava-Dharmasastra/ _cby Vinay Mohan Sharma |
||
| 260 |
_aNew Delhi _bPustak Mahal _c2024 |
||
| 270 |
_aJ-3/16, Daryaganj _bNew Delhi _e110002 _k011-23276539 _k011-23272783 _k011-23272784 _minfo@pustakmahal.com |
||
| 300 |
_a240p. _c23cm(hbk.) |
||
| 942 |
_2ddc _cEN _h230.65 _mSHA |
||
| 999 |
_c206251 _d206251 |
||